[Event "287th YMCA Spring B"]
[Site "Warsaw"]
[Date "2024.05.10"]
[Round "5"]
[White "Pietrzak, Wojciech"]
[Black "Sternik, Piotr"]
[Result "1/2-1/2"]
[WhiteElo "1856"]
[BlackElo "1875"]
[PlyCount "75"]
[EventDate "2024.04.10"]
[EventType "tourn"]
[EventRounds "1"]
[EventCountry "POL"]
[SourceDate "2024.04.10"]

1. e4 c5 2. Nf3 Nc6 3. c3 d5 4. exd5 Qxd5 5. d4 e6 6. Be2 cxd4 7. cxd4 Bb4+ 8.
Nc3 Nf6 9. O-O Qa5 10. a3 O-O 11. axb4 Qxa1 12. Qb3 a5 13. Be3 axb4 14. Rxa1
Rxa1+ 15. Nd1 Nd5 16. g3 b6 17. h3 Bb7 18. Kh2 Rfa8 19. Ng5 h6 20. Ne4 Na5 21.
Qc2 Rc8 22. Qd3 Nc4 23. Nc5 bxc5 24. Qxc4 Nxe3 25. fxe3 Bd5 26. Qc2 c4 27. e4
c3 28. exd5 b3 29. Qxc3 Rxc3 30. Nxc3 exd5 31. Bb5 Ra2 32. Na4 Kf8 33. Kg2 Ke7
34. Kf3 Kd6 35. h4 Ra1 36. Nc3 Ra2 37. Na4 Ra1 38. Nc3 $11 1/2-1/2

[Event "287th YMCA Spring B"]
[Site "Warsaw"]
[Date "2024.05.08"]
[Round "5"]
[White "Mazurek, Jerzy"]
[Black "Kania, Tomasz"]
[Result "1-0"]
[WhiteElo "1839"]
[BlackElo "1833"]
[PlyCount "125"]
[EventDate "2024.04.10"]
[EventType "tourn"]
[EventRounds "1"]
[EventCountry "POL"]
[SourceDate "2024.04.10"]

1. c4 Nf6 2. g3 e5 3. Bg2 Bc5 4. Nc3 c6 5. Nf3 e4 6. Ng5 d5 7. d4 Bb6 8. c5 Bc7
9. h4 Bg4 10. Nh3 O-O 11. Bf4 Re8 12. Qd2 b6 13. Na4 b5 14. Nc3 Nbd7 15. Bxc7
Qxc7 16. Nd1 e3 17. Nxe3 Rxe3 18. Qxe3 Re8 19. Qc3 Rxe2+ 20. Kf1 Ne4 21. Bxe4
dxe4 22. Nf4 Bf3 23. Rg1 b4 24. Qxb4 Rc2 25. Qb3 Rd2 26. Qc3 Rd1+ 27. Rxd1 Bxd1
28. Ke1 Bf3 29. Kd2 Nf6 30. Kc1 h6 31. h5 Nxh5 32. Nxh5 Bxh5 33. g4 Bg6 34. b3
Qd7 35. Qe3 Qd5 36. Kb2 f6 37. Rg3 Bf7 38. f3 exf3 39. Rxf3 Qd7 40. Qf4 Qd5 41.
Re3 Qg2+ 42. Ka3 Bg6 43. Re1 a6 44. Rd1 Bf7 $11 45. Rd2 Qg1 46. Kb2 Qe1 47. Qf2
Qe6 48. Qe2 Qc8 49. Qe4 Be6 50. Qf4 Bxg4 51. d5 cxd5 52. Rxd5 Be6 53. Rd6 Kf7
54. Qe4 Bf5 55. Qc4+ Kg6 56. c6 Qc7 57. Rd2 a5 58. Qc5 Bg4 59. Qd6 Qc8 60. c7
Qf5 61. Qd3 h5 62. c8=Q Qxd3 63. Qe8+ 1-0

[Event "287th YMCA Spring B"]
[Site "Warsaw"]
[Date "2024.05.24"]
[Round "5"]
[White "Sypula, Krzysztof"]
[Black "Kasperski, Marcin"]
[Result "1-0"]
[WhiteElo "1758"]
[BlackElo "1766"]
[PlyCount "117"]
[EventDate "2024.04.10"]
[EventType "tourn"]
[EventRounds "1"]
[EventCountry "POL"]
[SourceDate "2024.04.10"]

1. d4 d5 2. Nf3 e6 3. g3 f5 4. Bg2 Nf6 5. Bg5 Be7 6. O-O Nbd7 7. Nbd2 O-O 8. c4
c6 9. Qc2 h6 10. Bxf6 Bxf6 11. cxd5 exd5 12. Qxf5 Ne5 13. Qc2 Nxf3+ 14. Nxf3
Bg4 15. Rad1 Qb6 16. Qd2 Rae8 17. h3 Bf5 18. e3 Be4 19. Ne1 Bg6 20. Qc3 Kh8 21.
Nd3 Qc7 22. Nf4 Bf7 23. Nxd5 Bxd5 24. Bxd5 Rc8 25. Be6 Rce8 26. Bg4 Qf7 27. b3
h5 28. Be2 h4 29. g4 Bg5 30. f4 Qc7 31. Qd3 Bd8 32. Rf3 Qa5 33. Qg6 b5 34. Bd3
Kg8 35. Qh7+ Kf7 36. Bg6+ Ke7 37. Bxe8 Kxe8 38. Qxg7 Qxa2 39. Qg6+ Kd7 40. d5
Bf6 41. dxc6+ Kxc6 42. g5 Qxb3 43. Qe4+ Kb6 44. Rd6+ Ka5 45. Rxf6 Rc8 46. Rf1
Rc4 47. Ra1+ Ra4 48. Rxa4+ bxa4 49. Qe5+ Kb4 50. Qd4+ Ka3 51. Qa1+ Kb4 52. Qd4+
Ka3 53. Rc6 Qb1+ 54. Kf2 a5 55. Rc3+ Qb3 56. g6 Ka2 57. Rxb3 axb3 58. Qa4+ Kb2
59. g7 1-0

[Event "287th YMCA Spring B"]
[Site "Warsaw"]
[Date "2024.05.09"]
[Round "5"]
[White "Kwiecinski, Rafal"]
[Black "Pichurko, Jakub"]
[Result "1-0"]
[WhiteElo "1759"]
[BlackElo "1762"]
[PlyCount "223"]
[EventDate "2024.04.10"]
[EventType "tourn"]
[EventRounds "1"]
[EventCountry "POL"]
[SourceDate "2024.04.10"]

1. e4 Nf6 2. Nc3 d5 3. e5 d4 4. Nb5 Ng4 5. Nf3 Nc6 6. Qe2 a6 7. h3 Ngxe5 8.
Nxe5 Nxe5 9. Qxe5 axb5 10. Bxb5+ Bd7 11. O-O e6 12. b4 c6 13. Bd3 Qf6 14. Qxf6
gxf6 15. Bb2 Bxb4 16. Bxd4 e5 17. Be3 f5 18. Rfb1 Bd6 19. f3 Bc8 20. Re1 Be6
21. Bg5 O-O 22. Bf6 Ra5 23. Kh1 Re8 24. g3 Bc7 $11 25. Kg2 Rxa2 26. Rxa2 Bxa2
27. Bxf5 Be6 28. Bd3 b5 29. c3 Bd5 30. g4 h6 31. h4 Re6 32. g5 hxg5 33. hxg5
Rxf6 34. gxf6 Bd8 35. Rxe5 Bxf6 36. Rf5 Bg7 37. Rg5 Be6 38. f4 Kf8 39. Rh5 Ke7
40. Kg3 Kd7 41. Be4 Bf8 42. Rh8 Bd6 43. Ra8 c5 44. Ra7+ Kd8 45. Rb7 b4 46. Kf3
bxc3 47. dxc3 Kc8 48. Ra7 Kd8 49. f5 Bc4 50. Bc6 Bc7 51. Ke4 f6 52. Bd5 Bf1 53.
Be6 Bg2+ 54. Kd3 Bf1+ 55. Kc2 Bg2 56. Kb3 Bf1 57. c4 Bg2 58. Bd5 Bh3 59. Be4
Bf1 60. Bd5 Bh3 61. Be6 Bg2 62. Ra2 Bc6 63. Bd5 Bd7 64. Rd2 Ke7 65. Be4 Be5 66.
Rg2 Bd4 67. Ra2 Be8 68. Bd5 Bh5 69. Ka4 Be8+ 70. Ka5 Kd6 71. Re2 Bd7 72. Be6
Bc6 73. Kb6 Bf3 74. Rh2 Ke5 75. Rh4 Be4 76. Rh5 Bf3 77. Rh4 Be4 78. Bc8 Bd3 79.
Kb5 Kd6 80. Rh8 Ke5 81. Rd8 Be4 82. Kb6 Kf4 83. Kb5 Ke3 84. Be6 Kd3 85. Rd5 Ke3
86. Rxc5 Bxc5 87. Kxc5 Kf4 88. Kd6 Bc2 89. c5 Be4 90. c6 Bxf5 91. Bxf5 Kxf5 92.
c7 Ke4 93. c8=Q f5 94. Qe6+ Kf4 95. Kd5 Kg5 96. Qe3+ f4 97. Qf3 Kf5 98. Kd4 Kg5
99. Ke4 Kg6 100. Qxf4 Kg7 101. Qd6 Kf7 102. Kf5 Ke8 103. Qa6 Kd7 104. Ke5 Kc7
105. Qe6 Kb7 106. Kd5 Kc7 107. Kc5 Kb7 108. Qc6+ Kb8 109. Kb5 Ka7 110. Qd7+ Ka8
111. Kb6 Kb8 112. Qb7# 1-0

[Event "287th YMCA Spring B"]
[Site "Warsaw"]
[Date "2024.05.07"]
[Round "5"]
[White "Szukalski, Antoni"]
[Black "Pettersson, Alexander"]
[Result "1/2-1/2"]
[WhiteElo "1792"]
[BlackElo "1856"]
[PlyCount "52"]
[EventDate "2024.04.10"]
[EventType "tourn"]
[EventRounds "1"]
[EventCountry "POL"]
[SourceDate "2024.04.10"]

1. d4 d5 2. c4 e6 3. Nf3 Nf6 4. e3 b6 5. cxd5 exd5 6. Bd3 Bb7 7. Nc3 a6 8. O-O
Bd6 9. Re1 Ne4 10. Qc2 f5 11. Ne5 Nd7 12. f4 O-O 13. Bxe4 fxe4 14. Qb3 Nf6 15.
a4 c5 16. Bd2 cxd4 17. exd4 Kh8 18. a5 b5 19. Na4 bxa4 20. Qxb7 Bxe5 21. dxe5
Ng4 22. h3 Rb8 23. Qc6 e3 24. Bxe3 Nxe3 25. Rxe3 Rxf4 26. e6 d4 $11 1/2-1/2

[Event "287th YMCA Spring B"]
[Site "Warsaw"]
[Date "2024.05.16"]
[Round "6"]
[White "Pajak, Jakub"]
[Black "Pettersson, Alexander"]
[Result "1/2-1/2"]
[WhiteElo "1887"]
[BlackElo "1856"]
[PlyCount "45"]
[EventDate "2024.04.10"]
[EventType "tourn"]
[EventRounds "1"]
[EventCountry "POL"]
[SourceDate "2024.04.10"]

1. e4 c6 2. Nc3 d5 3. Nf3 a6 4. d4 Bg4 5. h3 Bh5 6. Be2 e6 7. O-O Nf6 8. exd5
cxd5 9. Bf4 Nc6 10. Ne5 Bxe2 11. Nxe2 Rc8 12. c3 Be7 13. Nc1 O-O 14. Ncd3 Ne4
15. Qg4 Nxe5 16. Bxe5 Bf6 17. Rad1 Bxe5 18. Nxe5 b5 19. a3 a5 20. Nd3 Qg5 21.
Qxg5 Nxg5 22. f3 h6 23. Rfe1 $11 1/2-1/2

[Event "287th YMCA Spring B"]
[Site "Warsaw"]
[Date "2024.04.25"]
[Round "6"]
[White "Pichurko, Jakub"]
[Black "Szukalski, Antoni"]
[Result "1/2-1/2"]
[WhiteElo "1762"]
[BlackElo "1792"]
[PlyCount "37"]
[EventDate "2024.04.10"]
[EventType "tourn"]
[EventRounds "1"]
[EventCountry "POL"]
[SourceDate "2024.04.10"]

1. d4 e6 2. Nf3 Nf6 3. e3 d5 4. Bd3 c5 5. b3 Nc6 6. a3 Qb6 7. O-O Bd6 8. Nbd2
cxd4 9. exd4 Nxd4 10. Bb2 Nxf3+ 11. Nxf3 Bd7 12. Qe2 a6 13. a4 Qc7 14. Ne5 Bc6
15. Kh1 Kf8 16. Nxc6 Qxc6 17. Bxf6 gxf6 18. f4 Ke7 19. Rad1 $11 1/2-1/2

[Event "287th YMCA Spring B"]
[Site "Warsaw"]
[Date "2024.05.16"]
[Round "6"]
[White "Kasperski, Marcin"]
[Black "Kwiecinski, Rafal"]
[Result "1-0"]
[WhiteElo "1766"]
[BlackElo "1759"]
[PlyCount "151"]
[EventDate "2024.04.10"]
[EventType "tourn"]
[EventRounds "1"]
[EventCountry "POL"]
[SourceDate "2024.04.10"]

1. c4 Nf6 2. g3 c6 3. Bg2 g6 4. d3 Bg7 5. Nc3 e5 6. e4 d6 7. Nge2 Be6 8. O-O
Qe7 9. f4 Na6 10. f5 Bd7 11. Bg5 h6 12. Be3 Ng4 13. Bd2 d5 14. Qe1 d4 15. Nd1
g5 16. b4 h5 17. Bf3 f6 18. Bxg4 hxg4 19. Nf2 Qf7 20. Kg2 Qh5 21. Rh1 O-O-O 22.
Nc1 Rdg8 23. Nb3 Bf8 24. a4 Nc7 25. b5 Ne8 26. Na5 c5 27. Nb3 Ng7 28. Qe2 Be8
29. Bc1 Qh7 30. Ba3 Nh5 31. Qd2 b6 32. a5 Nf4+ 33. Kf1 Qb7 34. axb6 axb6 35.
Nxg4 Nh5 36. Qg2 Rg7 37. Qf3 Be7 38. Ke2 Rgh7 39. Bc1 Ng7 40. Bxg5 Bh5 41. Bh4
Rg8 42. h3 Kc7 43. Ra6 Rhh8 44. Rha1 Ra8 45. Qf1 Rhb8 46. Kf2 Ne8 47. Nxe5 fxe5
48. Bxe7 Ng7 49. Bf6 Nxf5 50. Bxe5+ Nd6 51. Rxa8 Rxa8 52. Kg2 Rxa1 53. Bxd6+
Kxd6 54. Qf6+ Kd7 55. Qg7+ Kc8 56. Qxb7+ Kxb7 57. Nxa1 Be2 58. Nb3 Bxd3 59. Nd2
Kc7 60. Kf3 Kd7 61. Kf4 Ke6 62. g4 Be2 63. h4 Kf6 64. h5 Kg7 65. Kg5 Bd3 66.
Kf5 Be2 67. e5 Bd3+ 68. Kg5 Bh7 69. e6 Bg8 70. Kf5 Bh7+ 71. Ke5 Bg8 72. g5 Bh7
73. g6 Bxg6 74. hxg6 Kxg6 75. Kd6 Kf6 76. e7 1-0

[Event "287th YMCA Spring B"]
[Site "Warsaw"]
[Date "2024.05.16"]
[Round "6"]
[White "Kania, Tomasz"]
[Black "Sypula, Krzysztof"]
[Result "1-0"]
[WhiteElo "1833"]
[BlackElo "1758"]
[PlyCount "45"]
[EventDate "2024.04.10"]
[EventType "tourn"]
[EventRounds "1"]
[EventCountry "POL"]
[SourceDate "2024.04.10"]

1. e4 c5 2. Nf3 Nc6 3. d4 cxd4 4. Nxd4 Nf6 5. Nc3 d6 6. Bg5 e6 7. Qd2 Be7 8.
O-O-O Nxd4 9. Qxd4 e5 10. Qa4+ Bd7 11. Bb5 a6 12. Bxd7+ Qxd7 13. Bxf6 gxf6 14.
Qb3 Rd8 15. Nd5 O-O 16. Qf3 Kg7 17. Rd3 Rh8 18. Qh5 h6 19. Rhd1 Rh7 20. Rf3 Rg8
21. Rg3+ Kf8 22. Qf5 Qxf5 23. Rxg8+ 1-0

[Event "287th YMCA Spring B"]
[Site "Warsaw"]
[Date "2024.05.15"]
[Round "6"]
[White "Sternik, Piotr"]
[Black "Mazurek, Jerzy"]
[Result "1-0"]
[WhiteElo "1875"]
[BlackElo "1839"]
[PlyCount "59"]
[EventDate "2024.04.10"]
[EventType "tourn"]
[EventRounds "1"]
[EventCountry "POL"]
[SourceDate "2024.04.10"]

1. d4 d5 2. c4 e6 3. Nf3 Nf6 4. Nc3 a6 5. cxd5 exd5 6. Bg5 Be6 7. e3 Bd6 8. Bd3
Nbd7 9. O-O c6 10. Rb1 h6 11. Bh4 O-O 12. e4 dxe4 13. Nxe4 Be7 14. Nxf6+ Bxf6
15. Bxf6 Qxf6 16. b3 Bg4 17. Be2 Rfd8 18. Qd2 Nf8 19. Rbd1 Ne6 20. d5 Nf4 21.
Rde1 Rxd5 22. Qe3 Rdd8 23. Bc4 b5 24. Ne5 bxc4 25. Nxg4 Qg5 26. Qf3 h5 27. Ne5
Nd3 28. Qxf7+ Kh7 29. f4 Nxe5 30. Rxe5 1-0

[Event "287th YMCA Spring B"]
[Site "Warsaw"]
[Date "2024.05.17"]
[Round "6"]
[White "Kacprzak, Karol"]
[Black "Pietrzak, Wojciech"]
[Result "1-0"]
[WhiteElo "1810"]
[BlackElo "1856"]
[PlyCount "111"]
[EventDate "2024.04.10"]
[EventType "tourn"]
[EventRounds "1"]
[EventCountry "POL"]
[SourceDate "2024.04.10"]

1. c4 e5 2. Nc3 Bb4 3. g3 Bxc3 4. bxc3 d6 5. Bg2 Ne7 6. Rb1 Nbc6 7. Nf3 O-O 8.
O-O f6 9. d3 b6 10. Nd2 Bf5 11. Ne4 Qd7 12. Re1 Rad8 13. Ba3 Ng6 14. Qa4 Nge7
15. Rbd1 Bh3 16. Bh1 h6 17. Nd2 f5 18. e3 f4 19. exf4 exf4 20. Re4 f3 21. Rde1
Bg4 22. c5 b5 23. Qxb5 d5 24. Rxe7 Nxe7 25. Qxd7 Rxd7 26. c6 Nxc6 27. Bxf8 Kxf8
28. Bxf3 Bxf3 29. Nxf3 d4 30. Nxd4 Nxd4 31. cxd4 Rxd4 32. Rd1 Ra4 33. Rd2 Ke7
34. Kf1 c5 35. Ke2 Ke6 36. f4 Kd5 37. Ke3 Ra3 38. Rc2 Ra4 39. h3 Ra6 40. f5 Ra5
41. g4 Ra4 42. Rb2 Kc6 43. Kf3 Ra3 44. Ke4 Ra4+ 45. Ke5 Rd4 46. Rb3 a5 47. Ke6
a4 48. Rc3 Rd6+ 49. Ke7 Rd7+ 50. Ke6 Rd6+ 51. Kf7 Rd7+ 52. Ke8 Rd4 53. Kf8 h5
54. g5 Rf4 55. f6 gxf6 56. g6 1-0

[Event "287th YMCA Spring B"]
[Site "Warsaw"]
[Date "2024.05.22"]
[Round "7"]
[White "Mazurek, Jerzy"]
[Black "Kacprzak, Karol"]
[Result "1-0"]
[WhiteElo "1839"]
[BlackElo "1810"]
[PlyCount "117"]
[EventDate "2024.04.10"]
[EventType "tourn"]
[EventRounds "1"]
[EventCountry "POL"]
[SourceDate "2024.04.10"]

1. e4 c6 2. d4 d5 3. Nd2 dxe4 4. Nxe4 Bf5 5. Ng3 Bg6 6. h4 h6 7. Nf3 Nd7 8. h5
Bh7 9. Bd3 Bxd3 10. Qxd3 e6 11. Bd2 Ngf6 12. O-O-O Qc7 13. Kb1 O-O-O 14. c4 Bd6
15. Ne4 Nxe4 16. Qxe4 Nf6 17. Qe2 c5 18. Bc3 cxd4 19. Nxd4 Qc5 20. Ka1 Qe5 21.
Qc2 Qe4 22. Qa4 Bc5 23. f3 Qf4 24. Qb5 Bxd4 25. Bxd4 a6 26. Qc5+ Qc7 27. Qa7
Qb8 28. Qxb8+ Kxb8 29. Be5+ Kc8 30. g4 Rxd1+ 31. Rxd1 Rd8 32. Rxd8+ Kxd8 33.
Bxf6+ gxf6 34. b4 Ke7 35. Kb2 f5 36. gxf5 e5 37. c5 Kf6 38. a4 Kxf5 39. Kc3 Ke6
40. Kc4 f5 41. b5 a5 42. b6 Kd7 43. Kd5 e4 44. fxe4 f4 45. Kd4 Kc6 46. e5 f3
47. Ke3 f2 48. Kxf2 Kxc5 49. Ke3 Kxb6 50. Kd4 Kc6 51. Kc4 b6 52. e6 Kd6 53. Kb5
Kxe6 54. Kxb6 Kd6 55. Kxa5 Kc5 56. Ka6 Kc6 57. a5 Kc7 58. Kb5 Kb7 59. Kc5 1-0

[Event "287th YMCA Spring B"]
[Site "Warsaw"]
[Date "2024.05.23"]
[Round "7"]
[White "Sypula, Krzysztof"]
[Black "Sternik, Piotr"]
[Result "0-1"]
[WhiteElo "1758"]
[BlackElo "1875"]
[PlyCount "66"]
[EventDate "2024.04.10"]
[EventType "tourn"]
[EventRounds "1"]
[EventCountry "POL"]
[SourceDate "2024.04.10"]

1. e4 c5 2. Nc3 Nc6 3. g3 g6 4. Nge2 Bg7 5. Bg2 d6 6. O-O e5 7. d3 Nge7 8. Be3
O-O 9. Qd2 f5 10. f4 Nd4 11. fxe5 dxe5 12. Bg5 Be6 13. Nd1 fxe4 14. Rxf8+ Bxf8
15. dxe4 h6 16. Nxd4 Qxd4+ 17. Be3 Qxd2 18. Bxd2 Rd8 19. Be3 Nc6 20. Nf2 Nd4
21. Bxd4 cxd4 22. Nd3 Bg7 23. Nc5 Bc8 24. Bf1 Kf8 25. Bc4 Ke7 26. Rf1 Bf6 27.
Kf2 Bh3 28. Nxb7 Bxf1 29. Kxf1 Rb8 30. Ba6 Bg5 31. b3 Be3 32. Nc5 Rf8+ 33. Ke1
Rf2 0-1

[Event "287th YMCA Spring B"]
[Site "Warsaw"]
[Date "2024.05.23"]
[Round "7"]
[White "Kwiecinski, Rafal"]
[Black "Kania, Tomasz"]
[Result "0-1"]
[WhiteElo "1759"]
[BlackElo "1833"]
[PlyCount "132"]
[EventDate "2024.04.10"]
[EventType "tourn"]
[EventRounds "1"]
[EventCountry "POL"]
[SourceDate "2024.04.10"]

1. e4 c5 2. Bc4 Nf6 3. d3 e6 4. Qe2 Nc6 5. c3 d5 6. Bb3 Be7 7. Nf3 O-O 8. O-O
d4 9. h3 b5 10. a3 Bb7 11. Rd1 Qb6 12. Nbd2 Rfd8 13. Bc2 Rac8 14. a4 a6 15.
axb5 axb5 16. Nb3 Ra8 17. Bg5 h6 18. Bh4 Ba6 19. g4 Rd7 20. Bg3 Rad8 21. Ne5
Nxe5 22. Bxe5 Ne8 23. Nd2 f6 24. Bg3 c4 25. Nf3 dxc3 26. bxc3 e5 27. d4 exd4
28. Nxd4 Bc5 29. Nf5 Bb7 30. Rxd7 Rxd7 31. Rd1 Qc6 32. Nd4 Qb6 33. Nf5 Qe6 34.
Nd4 Bxd4 35. cxd4 b4 36. Ba4 Re7 37. f3 Qa6 38. Bc2 b3 39. Bb1 c3 40. Bd3 Qb6
41. Bc4+ Kh8 42. Bf2 c2 43. Rc1 b2 44. Qxc2 bxc1=Q+ 45. Qxc1 Rc7 46. Qf1 Nd6
47. Bd3 Qb2 48. Be3 Rc3 49. Bf4 Qa3 50. Be2 Qb4 51. Qd1 Nb5 52. d5 Qd4+ 53.
Qxd4 Nxd4 54. Bd1 Nxf3+ 55. Kf2 Ne5 56. Be3 Bc8 57. Ba4 Bd7 58. Bxd7 Nxd7 59.
h4 Ne5 60. Bd4 Rc4 61. Ke3 g5 62. hxg5 hxg5 63. Ba1 Kg8 64. Bb2 Kf7 65. Bd4 Ke8
66. Bb6 Kd7 0-1

[Event "287th YMCA Spring B"]
[Site "Warsaw"]
[Date "2024.05.09"]
[Round "7"]
[White "Szukalski, Antoni"]
[Black "Kasperski, Marcin"]
[Result "1-0"]
[WhiteElo "1792"]
[BlackElo "1766"]
[PlyCount "159"]
[EventDate "2024.04.10"]
[EventType "tourn"]
[EventRounds "1"]
[EventCountry "POL"]
[SourceDate "2024.04.10"]

1. d4 Nf6 2. c4 g6 3. Nf3 Bg7 4. Nc3 d5 5. Bg5 c6 6. e3 Be6 7. Qb3 Qb6 8. Qxb6
axb6 9. Bxf6 Bxf6 10. cxd5 cxd5 11. Nb5 Na6 12. Be2 O-O 13. O-O Rfc8 14. Rfc1
Bd7 15. a3 Bxb5 16. Bxb5 Nc7 17. Bd7 e6 18. Bxc8 Rxc8 19. Rc2 Kf8 20. Rac1 Bd8
21. Rc3 Ke7 22. Rb3 Rb8 23. Rxb6 Ne8 24. Rb3 Nd6 25. Rbc3 Ra8 26. Nd2 Ra6 27.
f3 Ba5 28. R3c2 Bb6 29. Kf2 Ra8 30. g4 Kd7 31. h3 Ba5 32. Ke2 Bb6 33. Ra1 Ba5
34. b3 Bb6 35. a4 Ba5 36. Rac1 Ra6 37. Kd3 Rb6 38. Rb1 Rb4 39. Rcc1 Bd8 40. Nf1
Ba5 41. Ng3 Bb6 42. Nh1 Bd8 43. Nf2 b5 44. axb5 Nxb5 45. Ke2 Na3 46. Nd3 Rb8
47. Nc5+ Ke8 48. Ra1 Nb5 49. Kd3 Bg5 50. Ra6 Be7 51. Rca1 Nc7 52. Ra7 Kd8 53.
Rb7 Rc8 54. Raa7 Bd6 55. Na6 h5 56. Nxc7 Bxc7 57. b4 hxg4 58. fxg4 f5 59. b5
fxg4 60. hxg4 Bb8 61. Rd7+ Ke8 62. Re7+ Kf8 63. Rf7+ Kg8 64. Rg7+ Kf8 65. Raf7+
Ke8 66. Rb7 Kf8 67. Rxg6 e5 68. Rf6+ Kg8 69. Rc6 e4+ 70. Ke2 Rd8 71. b6 Bd6 72.
Rcc7 Bf8 73. Rd7 Ra8 74. Ra7 Rc8 75. Rdc7 Re8 76. b7 Bd6 77. Rc8 Kf8 78. Rxe8+
Kxe8 79. Ra8+ Kd7 80. b8=Q 1-0

[Event "287th YMCA Spring B"]
[Site "Warsaw"]
[Date "2024.05.28"]
[Round "7"]
[White "Pettersson, Alexander"]
[Black "Pichurko, Jakub"]
[Result "0-1"]
[WhiteElo "1856"]
[BlackElo "1762"]
[PlyCount "56"]
[EventDate "2024.04.10"]
[EventType "tourn"]
[EventRounds "1"]
[EventCountry "POL"]
[SourceDate "2024.04.10"]

1. d4 Nf6 2. c4 e6 3. Nf3 d5 4. g3 c6 5. Bg2 Bb4+ 6. Bd2 Be7 7. O-O Nbd7 8. Nc3
O-O 9. Qc2 dxc4 10. Ne5 Nb6 11. Rfd1 Qxd4 12. Bf4 Qc5 13. a4 Nbd5 14. Ne4 Nxe4
15. Qxe4 b5 16. Rac1 f6 17. Nf3 e5 18. Bd2 Be6 19. axb5 cxb5 20. Nxe5 fxe5 21.
Qxe5 Qxf2+ 22. Kh1 Qf6 23. Qxf6 Bxf6 24. Ba5 Nb6 25. Bxb6 axb6 26. Bxa8 Rxa8
27. Rd6 Bf5 28. Rd2 Bg5 0-1

[Event "287th YMCA Spring B"]
[Site "Warsaw"]
[Date "2024.06.04"]
[Round "8"]
[White "Pajak, Jakub"]
[Black "Pichurko, Jakub"]
[Result "1-0"]
[WhiteElo "1887"]
[BlackElo "1762"]
[PlyCount "91"]
[EventDate "2024.04.10"]
[EventType "tourn"]
[EventRounds "1"]
[EventCountry "POL"]
[SourceDate "2024.04.10"]

1. e4 c6 2. Nc3 d5 3. Nf3 dxe4 4. Nxe4 Nf6 5. Qe2 Nxe4 6. Qxe4 Qd5 7. d3 Bf5 8.
Qb4 Qb5 9. Qxb5 cxb5 10. a4 b4 11. Nd4 e6 12. Nxf5 exf5 13. d4 a6 14. Be3 Bd6
15. g3 O-O 16. Bg2 Nc6 17. O-O Rfe8 18. c4 bxc3 19. bxc3 Rac8 20. c4 Bb4 21.
Rab1 a5 22. c5 Rcd8 23. d5 Ne5 24. d6 Nc6 25. Rfd1 Rd7 26. Rd5 g6 27. Bd2 Re2
28. Bxb4 axb4 29. Rdd1 Rc2 30. Rdc1 Rxc1+ 31. Rxc1 Kf8 32. Rb1 Ke8 33. Bxc6
bxc6 34. Rxb4 Ra7 35. Rb8+ Kd7 36. Rf8 Ke6 37. Re8+ Kf6 38. Rc8 Ke6 39. Rxc6
Rxa4 40. Rc7 Ra8 41. d7 Rd8 42. c6 g5 43. Rc8 Ke7 44. Kg2 h5 45. f4 f6 46. Kf2
1-0

[Event "287th YMCA Spring B"]
[Site "Warsaw"]
[Date "2024.05.30"]
[Round "8"]
[White "Kasperski, Marcin"]
[Black "Pettersson, Alexander"]
[Result "1/2-1/2"]
[WhiteElo "1766"]
[BlackElo "1856"]
[PlyCount "111"]
[EventDate "2024.04.10"]
[EventType "tourn"]
[EventRounds "1"]
[EventCountry "POL"]
[SourceDate "2024.04.10"]

1. c4 e6 2. g3 d5 3. Bg2 Nf6 4. Nf3 Be7 5. O-O O-O 6. Qc2 b6 7. d3 Bb7 8. Bf4
c5 9. Nbd2 Nh5 10. Bxb8 Rxb8 11. Rfd1 Nf6 12. Ne5 Nd7 13. Ndf3 Nxe5 14. Nxe5
Qc7 15. Nf3 Rbc8 16. Rac1 Qb8 17. Qb1 Rfd8 18. Nd2 d4 19. Bxb7 Qxb7 20. Nf3 f5
21. Qc2 Bf6 22. Rf1 e5 23. Nd2 Bg5 24. Rce1 e4 25. f4 exf3 26. exf3 Be3+ 27.
Kg2 Re8 28. Nb1 Qc6 29. Qd1 Re6 30. Na3 Rce8 31. Nc2 g5 32. h3 g4 33. hxg4 fxg4
34. Rh1 Rf8 35. Ref1 Ref6 36. Ne1 Kh8 37. Rh5 gxf3+ 38. Rxf3 Bd2 39. Rd5 Bxe1
40. Rxf6 Qxf6 41. Qxe1 Qf3+ 42. Kg1 Qe3+ 43. Qxe3 dxe3 44. Re5 Rf2 45. Rxe3
Rxb2 46. Re8+ Kg7 47. Re7+ Kg6 48. Rxa7 h5 49. a4 Kg5 50. a5 Kg4 51. Rg7+ Kf3
52. a6 Ra2 53. a7 Ke3 54. Rd7 Kf3 55. Rg7 Ke3 56. Rd7 $11 1/2-1/2

[Event "287th YMCA Spring B"]
[Site "Warsaw"]
[Date "2024.05.28"]
[Round "8"]
[White "Kania, Tomasz"]
[Black "Szukalski, Antoni"]
[Result "1-0"]
[WhiteElo "1833"]
[BlackElo "1792"]
[PlyCount "111"]
[EventDate "2024.04.10"]
[EventType "tourn"]
[EventRounds "1"]
[EventCountry "POL"]
[SourceDate "2024.04.10"]

1. e4 c5 2. Nf3 d6 3. d4 cxd4 4. Nxd4 Nf6 5. Nc3 a6 6. h3 e5 7. Nde2 Be7 8. g4
h6 9. Ng3 g6 10. Be3 Be6 11. Bg2 Nbd7 12. Qd2 Bf8 13. Nd5 Bxd5 14. exd5 Qc7 15.
O-O Bg7 16. a4 Rc8 17. a5 O-O 18. Rfc1 Kh7 19. c4 Nc5 20. Ra3 Ne8 21. b4 Nd7
22. c5 f5 23. gxf5 gxf5 24. Nxf5 Rf6 25. Be4 Kh8 26. Nh4 Nf8 27. c6 Qf7 28. Qe2
bxc6 29. Qxa6 Rc7 30. Qe2 cxd5 31. Rxc7 Nxc7 32. Bc2 d4 33. Bd2 e4 34. Bxe4 Re6
35. Qd3 Qh5 36. Nf5 d5 37. Bg2 Qd1+ 38. Bf1 Rg6+ 39. Ng3 Be5 40. Qe2 Qxe2 41.
Bxe2 Nce6 42. b5 Bd6 43. Rb3 Nc5 44. Rb1 Ne4 45. Be1 Nc3 46. Bxc3 dxc3 47. Bd3
Rg8 48. b6 Ne6 49. b7 Nc5 50. Bf5 Ne4 51. Bxe4 dxe4 52. Rc1 Be5 53. Kf1 e3 54.
Ne4 Rf8 55. Ke2 exf2 56. Nxf2 1-0

[Event "287th YMCA Spring B"]
[Site "Warsaw"]
[Date "2024.05.30"]
[Round "8"]
[White "Sternik, Piotr"]
[Black "Kwiecinski, Rafal"]
[Result "1-0"]
[WhiteElo "1875"]
[BlackElo "1759"]
[PlyCount "77"]
[EventDate "2024.04.10"]
[EventType "tourn"]
[EventRounds "1"]
[EventCountry "POL"]
[SourceDate "2024.04.10"]

1. d4 Nf6 2. c4 c6 3. Nc3 d5 4. Bg5 e6 5. Nf3 Be7 6. e3 Nbd7 7. Bd3 dxc4 8.
Bxc4 Nb6 9. Bd3 h6 10. Bh4 Nbd5 11. O-O O-O 12. Bg3 Nh5 13. Ne5 Nxg3 14. hxg3
Bf6 15. Ng4 Bg5 16. f4 Be7 17. Nxd5 Qxd5 18. Bc2 c5 19. Qd3 f5 20. Ne5 b5 21.
Ng6 Re8 22. Nxe7+ Rxe7 23. dxc5 Qxc5 24. Bb3 Bb7 25. Rac1 Qb6 26. Kh2 Be4 27.
Qc3 Rd8 28. Rfd1 Rxd1 29. Rxd1 Kf7 30. Qe5 Qc6 31. Rd6 Qe8 32. g4 g6 33. g5
hxg5 34. fxg5 Bd5 35. Rxd5 Kg8 36. Rd6 Qb8 37. Bxe6+ Kh7 38. Kg1 Qc7 39. Qh2+
1-0

[Event "287th YMCA Spring B"]
[Site "Warsaw"]
[Date "2024.06.11"]
[Round "8"]
[White "Kacprzak, Karol"]
[Black "Sypula, Krzysztof"]
[Result "1-0"]
[WhiteElo "1810"]
[BlackElo "1758"]
[PlyCount "57"]
[EventDate "2024.04.10"]
[EventType "tourn"]
[EventRounds "1"]
[EventCountry "POL"]
[SourceDate "2024.04.10"]

1. c4 c5 2. Nc3 Nc6 3. Nf3 e6 4. e4 Nge7 5. d4 cxd4 6. Nxd4 Nxd4 7. Qxd4 Nc6 8.
Qe3 d6 9. Bd3 Be7 10. O-O Bf6 11. Qg3 a6 12. f4 Bd7 13. f5 Ne5 14. Be2 O-O 15.
Rd1 Qe7 16. c5 d5 17. exd5 Qxc5+ 18. Be3 Qb4 19. Bf4 Nc4 20. Ne4 Qb6+ 21. Kh1
exd5 22. Nxf6+ Qxf6 23. Bxc4 dxc4 24. Rxd7 Qxf5 25. Be5 g6 26. Rad1 Rfe8 27.
Bc3 b5 28. Qh4 g5 29. Qd4 1-0